BUBT Library Online Catalog

The Successful Marketing Plan ; a discipling & comprehensive approach (Record no. 2039)

000 -LEADER
fixed length control field 00727nam a2200217Ia 4500
003 - CONTROL NUMBER IDENTIFIER
control field BUBTL
008 - FIXED-LENGTH DATA ELEMENTS--GENERAL INFORMATION
fixed length control field 151213s9999 xx 000 0 und d
020 ## - INTERNATIONAL STANDARD BOOK NUMBER
International Standard Book Number 0844232033
082 ## - DEWEY DECIMAL CLASSIFICATION NUMBER
Item number 658/ H531s/ 1997
100 ## - MAIN ENTRY--PERSONAL NAME
Personal name Roman G. Hiedhi9ng Jr. & Scott W. Couper .
245 ## - TITLE STATEMENT
Title The Successful Marketing Plan ; a discipling & comprehensive approach
Statement of responsibility, etc. Roman G. Hiebing Jr. & Scott W. Couper .
250 ## - EDITION STATEMENT
Edition statement 2nd
260 ## - PUBLICATION, DISTRIBUTION, ETC. (IMPRINT)
Place of publication, distribution, etc. Illinois U S A
Name of publisher, distributor, etc. N T C Business Books
Date of publication, distribution, etc. c1997
300 ## - PHYSICAL DESCRIPTION
Extent [xxxiv], 510p . :
Other physical details ill, Chart ; 29cm.
500 ## - GENERAL NOTE
General note Includes Index.
650 ## - SUBJECT ADDED ENTRY--TOPICAL TERM
Topical term or geographic name as entry element Marketing
700 ## - ADDED ENTRY--PERSONAL NAME
Personal name Roman G. Hiedhi9ng Jr. & Scott W. Couper .
9 (RLIN) 4499
856 ## - ELECTRONIC LOCATION AND ACCESS
Password 0
Logon 0
Link text Download
942 ## - ADDED ENTRY ELEMENTS (KOHA)
Source of classification or shelving scheme
Koha item type Books
Holdings
Withdrawn status Lost status Source of classification or shelving scheme Damaged status Not for loan Collection code Permanent location Current location Shelving location Date acquired Total Checkouts Full call number Barcode Date last seen Copy number Price effective from Koha item type Inventory number
          Non-fiction Bangladesh University of Business and Technology Library Bangladesh University of Business and Technology Library Marketing Stacks 10/05/2017   HIM BUBTL-20032663 10/05/2017 C-1 10/05/2017 Books  
        Not For Loan   Bangladesh University of Business and Technology Library Bangladesh University of Business and Technology Library Marketing Stacks 10/05/2017   HIM BUBTL-20032567 10/05/2017 C-2 10/05/2017 Books  
          Non-fiction Bangladesh University of Business and Technology Library Bangladesh University of Business and Technology Library Marketing Stacks 06/13/2006   HIS BUBTL-20032851 01/26/2022 C-3 01/26/2022 Books 2851

More Information About Library

Library Hours

  • Open: 9.00 am. to 9.00 pm.
  • Only Sunday: 9.00 am. to 6.00 pm.
  • Closed: Holiday

Contact to the University

Bangladesh University of Business and Technology Library

  • Mirpurl-2, 1216.
  • Phone:
  • Fax:
  • E-Mail: admin.library@bubt.edu.bd

Contact to the Library

Contact Person:

Md. Abdul Hakim Shah
Joint Librarian
PABX No:  113
Cell No: 01816332931
E-mail: official: admin.library@bubt.edu.bd
Personal: hakim.shah@bubt.edu.bd


BUBT Library

Copyright © 2021